000 00688nam a2200253Ia 4500
008 160319s9999 xx 000 0 und d
020 _a971-23-1931-8
050 _aFIL LB 6053
050 _b.V55 1991
100 _aVillanueva, Antonia F.
245 _aAng aklat ng guro =
245 _bthe teacher's book /
245 _cAntonia F. Villanueva, Antonio D. G. Mariano.
250 _aRevised Edition
260 _aManila:
260 _bRex Book Store, Inc.,
260 _c1955
300 _a278 pages :
300 _billustrations ;
300 _c22 cm.
650 _aEducation -- Methods of teaching.
650 _aEffective teaching.
650 _xTeacher education.
999 _c291649
_d291649